What Every Supervisor Should Know <The> Complete Guide To Supervisory Management
Uložené v:
| Hlavný autor: | |
|---|---|
| Ďalší autori: | |
| Médium: | Kniha |
| Jazyk: | English |
| Vydavateľské údaje: |
New York
McGraw-Hill Pub. Co.
1990
|
| Vydanie: | 6. ed. |
| Tagy: |
Žiadne tagy, Buďte prvý, kto otaguje tento záznam!
|
MARC
| LEADER | 00000nam a2200000 4500 | ||
|---|---|---|---|
| 001 | c024053 | ||
| 005 | 20221215114610.4 | ||
| 041 | 0 | |a eng | |
| 044 | |a US | ||
| 245 | 1 | 0 | |a What Every Supervisor Should Know |b <The> Complete Guide To Supervisory Management |c Lester R. Bittel, John W. Newstrom |
| 250 | |a 6. ed. | ||
| 264 | 1 | |a New York |b McGraw-Hill Pub. Co. |c 1990 | |
| 300 | |a 614 s. | ||
| 100 | 1 | |a Bittel, Lester R. | |
| 700 | 1 | |a Newstrom, John W. | |